00406nam a2200097Ia 4500008004100000100002100041245008300062260006400145650001500209856008400224160712s9999 xx 000 0 und d aHaskell, Dennis. cDennis HaskellaA Jumble of Words: Studying the Literatures of South-east Asia c2015bJournal of English Studies and Comparative Literature xLITERATURE uhttp://journals.upd.edu.ph/index.php/jescl/issue/view/Special%20Edition/showToc